A szisztémás és lokális kortikoszteroid kezelés és problémái

Elmentve itt :
Bibliográfiai részletek
Szerző: Husz Sándor
Dokumentumtípus: Cikk
Megjelent: 2005
Sorozat:HÁZIORVOS TOVÁBBKÉPZŐ SZEMLE 10 No. 8
Tárgyszavak:
mtmt:2978178
Online Access:http://publicatio.bibl.u-szeged.hu/30811
LEADER 00654nab a2200193 i 4500
001 publ30811
005 20241022123020.0
008 241022s2005 hu o 000 hun d
022 |a 1219-8641 
024 7 |a 2978178  |2 mtmt 
040 |a SZTE Publicatio Repozitórium  |b hun 
041 |a hun 
100 1 |a Husz Sándor 
245 1 2 |a A szisztémás és lokális kortikoszteroid kezelés és problémái  |h [elektronikus dokumentum] /  |c  Husz Sándor 
260 |c 2005 
300 |a 723-727 
490 0 |a HÁZIORVOS TOVÁBBKÉPZŐ SZEMLE  |v 10 No. 8 
650 4 |a Klinikai orvostan 
856 4 0 |u http://publicatio.bibl.u-szeged.hu/30811/1/aok_klny_476_05.pdf  |z Dokumentum-elérés